• 首页
  • 本馆介绍
  • 公告通知
  • 最新文献
  • 馆藏检索
  • 电子资源
  • 读者导购
  • 参考咨询
  • 我的图书馆
  • 登录
  • 详细信息显示
  • 放入我的书架
  • 预约/预借图书
  • 作者相关作品
  • 分类相关作品
  • 丛书相关作品
  • 出版社相关作品

书目信息

  • 表格格式
  • 工作单格式
  • 卡片格式
题名:
德育与班级管理
    
 
作者: 段作章 , 刘月芳 主编
分册:  
出版信息: 南京   南京大学出版社  2022.01
页数: 263页
开本: 26cm
丛书名: 基于“标准”的教师教育课程改革新编教材系列
单 册:
中图分类: G631 , G632.421
科图分类:
主题词: 德育--de yu--中小学--师资培训--教材 , 班级--ban ji--学校管理--中小学--师资培训--教材
电子资源:
ISBN: 978-7-305-22478-2
000 01225nam 2200325 450
001 012001002556
005 20221208083431.97
010    @a978-7-305-22478-2@dCNY42.00
099    @aCAL 012019143343
100    @a20220905d2019 em y0chiy50 ea
101 0  @achi
102    @aCN@b320000
105    @ay a 000yy
106    @ar
200 1  @a德育与班级管理@Ade yu yu ban ji guan li@f主编段作章, 刘月芳
205    @a第2版
210    @a南京@c南京大学出版社@d2022.01
215    @a263页@d26cm
225 2  @a基于“标准”的教师教育课程改革新编教材系列@Aji yu “ biao zhun ” de jiao shi jiao yu ke cheng gai ge xin bian jiao cai xi lie
320    @a有书目 (第262-263页)
330    @a本书共分七章,内容包括:德育、班级管理概述、班级管理的主体、班集体建设、班级实务管理等。本书理论联系实际,注意到了教师日常德育生活与班级管理的真实需要。
410  0 @12001 @a基于“标准”的教师教育课程改革新编教材系列
606 0  @a德育@Ade yu@x中小学@x师资培训@j教材
606 0  @a班级@Aban ji@x学校管理@x中小学@x师资培训@j教材
690    @aG631@v5
690    @aG632.421@v5
701  0 @a段作章@ADuan Zuozhang@4主编
701  0 @a刘月芳@ALiu Yuefang@4主编
801  0 @aCN@bAHXH@c20221111
905    @b1373035-9@dG631@e1496=2@f5
    
    德育与班级管理/主编段作章, 刘月芳.-第2版.-南京:南京大学出版社,2022.01
    263页;26cm.-(基于“标准”的教师教育课程改革新编教材系列)
    
    
    ISBN 978-7-305-22478-2:CNY42.00
    本书共分七章,内容包括:德育、班级管理概述、班级管理的主体、班集体建设、班级实务管理等。本书理论联系实际,注意到了教师日常德育生活与班级管理的真实需要。
●
相关链接 在E读中查询图书 在五车中查询图书 在当当中查询图书 在豆瓣中查询图书


正题名:德育与班级管理     索取号:G631/1496=2         预约/预借

序号 登录号 条形码 馆藏地/架位号 状态 备注
1 1373035   213730355   第一样本阅览室/ [索取号:G631/1496=2] 在馆    
2 1373036   213730364   教育系资料室/ [索取号:G631/1496=2] 在馆    
3 1373037   213730373   教育系资料室/ [索取号:G631/1496=2] 在馆    
4 1373038   213730382   第四借阅区/ [索取号:G631/1496=2] 在馆    
5 1373039   213730391   第四借阅区/ [索取号:G631/1496=2] 已借出,限还日期为2024.12.09
借出人:胡志洋  
 
唐山师范学院图书馆 欢迎您!
大连网信软件有限公司© 版权所有